Bulletin of the British Museum (Natural History). (Registro nro. 16783)

Detalles MARC
000 -CABECERA
Campo de control 01197cas a2200277 a 4500
005 - FECHA Y HORA DE LA ULTIMA TRANSACCION
Campo de control 20191224042203.0
008 - ELEMENTOS DE LONGITUD FIJA—INFORMACION GENERAL
Campo de control 820325d19771992enk x p 0 a0eng c
022 ## - ISSN
ISSN 0524-6431
040 ## - FUENTE DE CATALOGACIÓN
Agencia catalogadora original ViBlbV
Agencia transcriptora ViBlbV
Agencia Modificadora DNAL
-- DLC
-- NST
-- DLC
-- AIP
-- DNAL
-- NST
-- N
-- NST
-- FU
-- DLC
-- NIC
-- N
-- InU
-- DLC
-- OCoLC
-- DeU
-- CO-BoIAVH
041 0# - IDIOMA
Código de idioma para texto/pista de sonido o título separado Inglés
044 ## - PAÍS DE PUBLICACIÓN
País de publicación Inglaterra
090 ## - CLASIFICACIÓN LOCAL
Colección SE
245 00 - MENCION DE TITULO
Título Bulletin of the British Museum (Natural History).
Name of part/section of a work Entomology series.
246 1# - FORMA VARIANTE DEL TITULO
Título propiamente dicho/forma breve del título Bulletin British Museum (Natural History).
Name of part/section of a work Entomology series
246 30 - FORMA VARIANTE DEL TITULO
Título propiamente dicho/forma breve del título Entomology series
260 ## - PUBLICACION, DISTRIBUCION, ETC. (PIE DE IMPRENTA)
Lugar de publicación, distribución, etc. Londres (Reino Unido) :
Nombre del editor, distribuidor, etc. The Museum,
Fecha de publicación, distribución, etc. 1977-c1992.
300 ## - DESCRIPCION FISICA
Otros detalles físicos ilustraciones ;
Dimensiones 24 x 19 cm.
650 26 - ASIENTO SECUNDARIO DE MATERIA - TERMINO TEMATICO
Término temático o nombre geográfico como elemento de entrada Entomología
Subdivisión de forma Publicaciones periódicas
9 (RLIN) 81656
650 26 - ASIENTO SECUNDARIO DE MATERIA - TERMINO TEMATICO
Término temático o nombre geográfico como elemento de entrada Entomología
9 (RLIN) 4483
650 26 - ASIENTO SECUNDARIO DE MATERIA - TERMINO TEMATICO
Término temático o nombre geográfico como elemento de entrada Insecta
Subdivisión de forma Publicaciones periódicas
9 (RLIN) 81658
650 26 - ASIENTO SECUNDARIO DE MATERIA - TERMINO TEMATICO
Término temático o nombre geográfico como elemento de entrada Insectos
Subdivisión de forma Publicaciones periódicas
9 (RLIN) 81659
710 2# - ASIENTO SECUNDARIO - NOMBRE CORPORATIVO
Nombre corporativo o de jurisdicción como elemento de entrada British Museum (Natural History)
9 (RLIN) 46845
780 00 - ASIENTO DEL TITULO ANTERIOR
Title Bulletin of the British Museum (Natural History). Entomology
International Standard Serial Number 0524-6431
Record control number (DLC) 58020575
-- (OCoLC)1308526
785 00 - SUCCEEDING ENTRY
Title Bulletin of the Natural History Museum. Entomology series
International Standard Serial Number 0968-0454
Record control number (DLC) 94640737
-- (OCoLC)28624498
942 ## - ELEMENTOS ADICIONALES (KOHA)
Sistema de clasificación Local
Tipo de ítem Periodica o revista
Existencias
Withdrawn status Lost status Sistema de Clasificación Damaged status No para préstamo Colección Fecha publicación (Año) Número revista Inventariado Ubicación Permanente Ubicación actual Fecha de adquisición Datos de publicación Seriada Total Checkouts Número topográfico Inventario / Código de Barras Date last seen Ejemplar Price effective from Forma de adquisición Tipo de material Volumen revista
    Local     Hemeroteca 1974 Suplemento 23 Inventariado 2017 Bogotá Bogotá 26/05/2017 Suplemento 23 (16/05/1974)   SE 025213 26/05/2017 Ej. 1 26/05/2017 Donación Periodica o revista  
    Local     Hemeroteca 1976 5 Inventariado 2017 Bogotá Bogotá 26/05/2017 Vol 32, Nro 5 (01/01/1976)   SE 024667 26/05/2017 Ej. 1 26/05/2017 Donación Periodica o revista 32
    Local     Hemeroteca 1979 4 Inventariado 2017 Bogotá Bogotá 26/05/2017 Vol 38, Nro 4 (29/03/1979)   SE 041280 26/05/2017 Ej. 1 26/05/2017 Donación Periodica o revista 38
    Local     Hemeroteca 1986 4 Inventariado 2017 Bogotá Bogotá 26/05/2017 Vol 52, Nro 4 (01/06/1986)   SE 006367 26/05/2017 Ej. 1 26/05/2017 Donación Periodica o revista 52